Colonialsm/Postcolonialism / (Record no. 102099)

MARC details
000 -LEADER
fixed length control field 00958nam a22002537a 4500
005 - DATE AND TIME OF LATEST TRANSACTION
control field 20170728122644.0
010 ## - LCCN (DPL NO)
LC control number 1617EN ENG-117124
020 ## - INTERNATIONAL STANDARD BOOK NUMBER
International Standard Book Number 9781138225602
Terms of availability 495.00
035 ## - SYSTEM CONTROL NUMBER
System control number B-649279-288
035 ## - SYSTEM CONTROL NUMBER
System control number EN-100656
035 ## - SYSTEM CONTROL NUMBER
System control number B-667257
037 ## - SOURCE OF ACQUISITION
Stock number DPL
Source of stock number/acquisition AAKAR
082 ## - DEWEY DECIMAL CLASSIFICATION NUMBER
Classification number 325.3
100 ## - MAIN ENTRY--PERSONAL NAME
Personal name Loomba, Ania
245 ## - TITLE STATEMENT
Title Colonialsm/Postcolonialism /
Statement of responsibility, etc by Ania Loomba
250 ## - EDITION STATEMENT
Edition statement 3rd ed
260 ## - PUBLICATION, DISTRIBUTION, ETC. (IMPRINT)
Place of publication, distribution, etc New York
Name of publisher, distributor, etc Routledge
Date of publication, distribution, etc 2016
270 ## - ADDRESS
Address 711 third avenue
City New York
Postal code NY 10017
300 ## - PHYSICAL DESCRIPTION
Extent 304p.
Dimensions 19cm(pbk)
500 ## - GENERAL NOTE
General note includs index
942 ## - ADDED ENTRY ELEMENTS (KOHA)
Source of classification or shelving scheme Dewey Decimal Classification
Item type English Books
Classification part 325..3
Call number suffix LOO
Holdings
Withdrawn status Lost status Not for loan Collection code Home library Current library Date acquired Source of acquisition Cost, normal purchase price Full call number Barcode Copy number Cost, replacement price Koha item type
      Non-fiction Ashok Vihar Ashok Vihar 20/01/2017 DBAD/PUB 495.00 325..3 LOO EN-100656 1 495.00 English Books
      Non-fiction Ashok Vihar Ashok Vihar 28/07/2017 BPPD/EN/2016-17/AV/16-17/451/15.2.2017/I-3323/1.3.2017/ 17.3.2017 495.00 325..3 LOO B-667257 1 495.00 English Books
      Non-fiction Bawana Bawana 03/03/2017 BPPD/EN/2016-17/285/24.11.2016/I-2590/8.12.2016/2.1.2017 495.00 325..3 LOO B-649287 1 495.00 English Books
      Non-fiction Central Jail Tihar Central Jail Tihar 03/03/2017 BPPD/EN/2016-17/285/24.11.2016/I-2590/8.12.2016/2.1.2017 495.00 325..3 LOO B-649284 1 495.00 English Books
      Non-fiction Central Library Central Library 03/03/2017 BPPD/EN/2016-17/285/24.11.2016/I-2590/8.12.2016/2.1.2017 495.00 325..3 LOO B-649279 1 495.00 English Books
      Non-fiction Janak Puri Janak Puri 03/03/2017 BPPD/EN/2016-17/285/24.11.2016/I-2590/8.12.2016/2.1.2017 495.00 325..3 LOO B-649285 1 495.00 English Books
      Non-fiction Kasturba Gandhi Marg Kasturba Gandhi Marg 03/03/2017 BPPD/EN/2016-17/285/24.11.2016/I-2590/8.12.2016/2.1.2017 495.00 325..3 LOO B-649281 1 495.00 English Books
      Non-fiction Patel Nagar Patel Nagar 03/03/2017 BPPD/EN/2016-17/285/24.11.2016/I-2590/8.12.2016/2.1.2017 495.00 325..3 LOO B-649280 1 495.00 English Books
      Non-fiction Peshwa Road Peshwa Road 03/03/2017 BPPD/EN/2016-17/285/24.11.2016/I-2590/8.12.2016/2.1.2017 495.00 325..3 LOO B-649282 1 495.00 English Books
      Non-fiction Sarojini Nagar Sarojini Nagar 03/03/2017 BPPD/EN/2016-17/285/24.11.2016/I-2590/8.12.2016/2.1.2017 495.00 325..3 LOO B-649286 1 495.00 English Books
      Non-fiction Shahdara Branch Shahdara Branch 03/03/2017 BPPD/EN/2016-17/285/24.11.2016/I-2590/8.12.2016/2.1.2017 495.00 325..3 LOO B-649288 1 495.00 English Books
      Non-fiction Tri Nagar Tri Nagar 03/03/2017 BPPD/EN/2016-17/285/24.11.2016/I-2590/8.12.2016/2.1.2017 495.00 325..3 LOO B-649283 1 495.00 English Books

© Delhi Public Library
Hit Counter
free hit counter